| 000 -LEADER |
| fixed length control field |
02866cam a2200409 i 4500 |
| 001 - CONTROL NUMBER |
| control field |
22939645 |
| 005 - DATE AND TIME OF LATEST TRANSACTION |
| control field |
20250312122055.0 |
| 008 - FIXED-LENGTH DATA ELEMENTS--GENERAL INFORMATION |
| fixed length control field |
230125s2024 enk b 001 0 eng |
| 010 ## - LIBRARY OF CONGRESS CONTROL NUMBER |
| LC control number |
2023003301 |
| 020 ## - INTERNATIONAL STANDARD BOOK NUMBER |
| International Standard Book Number |
9781350355194 |
| Qualifying information |
(hardback) |
| 020 ## - INTERNATIONAL STANDARD BOOK NUMBER |
| International Standard Book Number |
9781350355187 |
| Qualifying information |
(paperback) |
| 020 ## - INTERNATIONAL STANDARD BOOK NUMBER |
| Canceled/invalid ISBN |
9781350355217 |
| Qualifying information |
(epub) |
| 020 ## - INTERNATIONAL STANDARD BOOK NUMBER |
| Canceled/invalid ISBN |
9781350355200 |
| Qualifying information |
(pdf) |
| 040 ## - CATALOGING SOURCE |
| Original cataloging agency |
DLC |
| Language of cataloging |
eng |
| Description conventions |
rda |
| Transcribing agency |
DLC |
| 042 ## - AUTHENTICATION CODE |
| Authentication code |
pcc |
| 043 ## - GEOGRAPHIC AREA CODE |
| Geographic area code |
e-uk-en |
| 050 00 - LIBRARY OF CONGRESS CALL NUMBER |
| Classification number |
KD1554 |
| Item number |
.M39 2023 |
| 082 00 - DEWEY DECIMAL CLASSIFICATION NUMBER |
| Classification number |
346.4202 |
| Author Mark |
MCK |
| 100 1# - MAIN ENTRY--PERSONAL NAME |
| Personal name |
McKendrick, Ewan, |
| Relator term |
author. |
| 9 (RLIN) |
128220 |
| 245 10 - TITLE STATEMENT |
| Title |
Contract law / |
| Statement of responsibility, etc. |
Ewan McKendrick QC (Hon), Professor of Anglo-American Private Law in the University of Leiden, Emeritus Professor of English Private Law in the University of Oxford, Emeritus Fellow of Lady Margaret Hall . |
| 250 ## - EDITION STATEMENT |
| Edition statement |
Fifteenth edition. |
| 264 #1 - PRODUCTION, PUBLICATION, DISTRIBUTION, MANUFACTURE, AND COPYRIGHT NOTICE |
| Place of production, publication, distribution, manufacture |
Oxford ; |
| -- |
New York : |
| Name of producer, publisher, distributor, manufacturer |
Hart Publishing Bloomsbury Publishing Plc, |
| Date of production, publication, distribution, manufacture, or copyright notice |
2023. |
| 300 ## - PHYSICAL DESCRIPTION |
| Extent |
xlii, 487 pages ; |
| Dimensions |
25 cm |
| 336 ## - CONTENT TYPE |
| Content type term |
text |
| Content type code |
txt |
| Source |
rdacontent |
| 337 ## - MEDIA TYPE |
| Media type term |
unmediated |
| Media type code |
n |
| Source |
rdamedia |
| 338 ## - CARRIER TYPE |
| Carrier type term |
volume |
| Carrier type code |
nc |
| Source |
rdacarrier |
| 490 0# - SERIES STATEMENT |
| Series statement |
Hart law masters |
| 504 ## - BIBLIOGRAPHY, ETC. NOTE |
| Bibliography, etc. note |
Includes bibliographical references (pages 476-482) and index. |
| 505 0# - FORMATTED CONTENTS NOTE |
| Formatted contents note |
Agreement : clearing the ground -- Offer and acceptance -- Certainty and agreement mistakes -- Consideration and form -- Intention to create legal relations --Third part rights -- What is a term? -- The sources of contractual terms -- The classification of contractual terms -- Exclusion clauses -- A duty to disclose material facts? -- Misrepresentation --Common mistake and frustration -- Illegality -- Capacity -- Duress, undue influence, and inequality of bargaining power -- Unfair terms in consumer contracts -- Performance and discharge of the contract -- Breach of contract -- Damages for breach of contract -- Obtaining an adequate remedy. |
| 520 ## - SUMMARY, ETC. |
| Summary, etc. |
"Contract Law is a bestselling core textbook written by the leading expert in the field. Its comprehensive coverage and incisive analysis gives students the edge in coursework and exams. Unrivalled for its clarity of explanation, it expertly inks contractual judicial legal theory, practice to practical contractual issues to provide students with a deep understand of contract law. Fully updated with the latest developments in the law, it makes an idea core text for students at undergraduate and postgraduate level"-- |
| Assigning source |
Provided by publisher. |
| 650 #0 - SUBJECT ADDED ENTRY--TOPICAL TERM |
| Topical term or geographic name entry element |
Contracts |
| Geographic subdivision |
England. |
| 655 #7 - INDEX TERM--GENRE/FORM |
| Genre/form data or focus term |
Casebooks (Law) |
| Source of term |
lcgft |
| 9 (RLIN) |
83443 |
| 776 08 - ADDITIONAL PHYSICAL FORM ENTRY |
| Relationship information |
Online version: |
| Main entry heading |
McKendrick, Ewan. |
| Title |
Contract law |
| Edition |
Fifteenth Edition. |
| Place, publisher, and date of publication |
Oxford ; New York : Hart Publishing Bloomsbury Publishing Plc, 2024 |
| International Standard Book Number |
9781350355217 |
| Record control number |
(DLC) 2023003302 |
| 906 ## - LOCAL DATA ELEMENT F, LDF (RLIN) |
| a |
7 |
| b |
cbc |
| c |
orignew |
| d |
1 |
| e |
ecip |
| f |
20 |
| g |
y-gencatlg |
| 942 ## - ADDED ENTRY ELEMENTS (KOHA) |
| Source of classification or shelving scheme |
|
| Koha item type |
Book |